[Event "july cup tourney 1200-1600"]
[Site "SchemingMind.com"]
[Date "2008.09.03"]
[Round "-"]
[White "maro"]
[Black "dzole"]
[Result "1-0"]
[WhiteCountry "MEX"]
[BlackCountry "SLO"]
[WhiteElo "1320"]
[WhiteRD "59"]
[BlackElo "1254"]
[BlackRD "96"]
[GameID "169655"]

1. e4 e5 2. d3 Nf6 3. g3 d5 4. Nc3 d4 5. Nd5 Nxd5 6. exd5 Qxd5 7. Nf3 Bg4 8. Bg2 Nc6 9. Qe2 O-O-O 10. h3 Bxf3
11. Bxf3 Qe6 12. Bd2 Nb4 13. Qe4 Nxc2+ 14. Ke2 Nxa1 15. Rxa1 f5 16. Qh4 f4 17. gxf4 exf4+ 18. Kf1 Be7 19. Qxf4 Qxh3+ 20. Bg2 Qxd3+
21. Kg1 Rdf8 22. Qg4+ Kb8 23. Bf4 a6 24. Bg3 Qd2 25. Qxg7 Bf6 26. Qxc7+ Ka7 27. Qxb7#
1-0

[Event "july cup tourney 1200-1600"]
[Site "SchemingMind.com"]
[Date "2008.09.03"]
[Round "-"]
[White "dzole"]
[Black "maro"]
[Result "1-0"]
[WhiteCountry "SLO"]
[BlackCountry "MEX"]
[WhiteElo "1254"]
[WhiteRD "96"]
[BlackElo "1320"]
[BlackRD "59"]
[GameID "169658"]

1. e4 e5 2. Nf3 d6 3. d4 f6 4. d5 h5 5. g3 Bd7 6. Nc3 g5 7. Be3 g4 8. Nh4 Nh6 9. Ng6 Rh7 10. Nxf8 Kxf8
11. Qd2 Qe7 12. Bxh6+ Kg8 13. h3 f5 14. Qg5+ Qxg5 15. Bxg5 Na6 16. O-O-O fxe4 17. Nxe4 Rf8 18. Nf6+ Kh8 19. Nxh7 Kxh7 20. Bd3+ Kg7
21. f4 gxf3 22. Be7 Rf7 23. Bxa6 bxa6 24. Bg5 f2 25. Be3 c6 26. g4 hxg4 27. dxc6 Bf5 28. hxg4 Bxg4 29. Rdf1 Rc7 30. Rxf2 Rxc6
31. Rg1 Rc4 32. b3 Re4 33. Bxa7 Kh6 34. Rf6+ Kg5 35. Rxd6 Kf4 36. Rf6+ Kg5 37. Rxa6 Kf4 38. a4 Be2 39. Rf6#
1-0

[Event "july cup tourney 1200-1600"]
[Site "SchemingMind.com"]
[Date "2008.09.07"]
[Round "-"]
[White "Zugzwang"]
[Black "olivsan"]
[Result "1-0"]
[WhiteCountry "CAN"]
[BlackCountry "BRA"]
[WhiteElo "1491"]
[WhiteRD "59"]
[BlackElo "1520"]
[BlackRD "85"]
[GameID "170146"]

1. d4 Nf6 2. Nf3 e6 3. e3 d5 4. Bd3 Bd6 5. Nbd2 O-O 6. O-O c5 7. c3 Nc6 8. Qe2 a6 9. e4 dxe4 10. Nxe4 Nxe4
11. Qxe4 g6 12. Bh6 Re8 13. Bg5 Be7 14. Bxe7 Qxe7 15. Rae1 f5 16. Qe3 b6 17. Bc4 b5 18. Bb3 c4 19. Bd1 Bd7 20. Ng5 h6
21. Nf3 Kg7 22. Nd2 e5 23. d5 Nd8 24. Qg3 f4 25. Qf3 Nf7 26. Bc2 Ng5 27. Qd1 Rad8 28. Ne4 Bc6 29. d6 Qe6 30. f3 Bxe4
31. Bxe4 Rxd6 32. Qc2 Nxe4 33. Qxe4 Rd5 34. Re2 Qf6 35. Qxd5 Qg5 36. Rd1 Re7 37. Qc6 Qf6 38. Qxf6+ Kxf6 39. Rd6+ Re6 40. Rxe6+ Kxe6
41. g4 g5 42. h4 gxh4 43. Rh2 Kf6 44. Rxh4 Kg6 45. b4 a5 46. a4 axb4 47. cxb4 bxa4 48. Rh2 a3 49. Ra2 c3 50. Rxa3 c2
51. Ra1
1-0

[Event "july cup tourney 1200-1600"]
[Site "SchemingMind.com"]
[Date "2008.09.11"]
[Round "-"]
[White "fervac"]
[Black "knightrider"]
[Result "1-0"]
[WhiteCountry "NCA"]
[BlackCountry "USA"]
[WhiteElo "1633"]
[WhiteRD "110"]
[BlackElo "1501"]
[BlackRD "80"]
[GameID "170147"]

1. d4 d5 2. c4 e6 3. Nc3 Nf6 4. Nf3 Be7 5. Bg5 O-O 6. e3 Nbd7 7. cxd5 exd5 8. Bd3 c6 9. O-O h6 10. Bh4 g5
11. Bg3 c5 12. Ne5 c4 13. Bc2 h5 14. h3 h4 15. Bh2 Bd6 16. f4 Nh7 17. Bxh7+ Kxh7 18. Qh5+ Kg7 19. fxg5 f6 20. Qh6+ Kg8
21. Ng6 Kf7 22. Bxd6 Rg8 23. Ne5+ Ke6 24. Nxd7 Kxd6 25. Nxf6 Be6 26. Nxg8 Qxg8 27. Rf6 Kd7 28. Raf1 Re8 29. g6
1-0

[Event "july cup tourney 1200-1600"]
[Site "SchemingMind.com"]
[Date "2008.09.07"]
[Round "-"]
[White "olivsan"]
[Black "Zugzwang"]
[Result "1/2-1/2"]
[WhiteCountry "BRA"]
[BlackCountry "CAN"]
[WhiteElo "1517"]
[WhiteRD "82"]
[BlackElo "1491"]
[BlackRD "59"]
[GameID "170160"]

1. e4 e5 2. Nf3 Nf6 3. Nc3 Bb4 4. Bc4 O-O 5. O-O Nc6 6. a3 Bxc3 7. dxc3 Nxe4 8. Qd3 Nf6 9. Bd5 h6 10. Re1 d6
11. Ba2 Be6 12. Bxe6 fxe6 13. Qg6 Ne7 14. Qg3 Nf5 15. Qg6 Ne7=
1/2-1/2

[Event "july cup tourney 1200-1600"]
[Site "SchemingMind.com"]
[Date "2008.09.11"]
[Round "-"]
[White "knightrider"]
[Black "fervac"]
[Result "0-1"]
[WhiteCountry "USA"]
[BlackCountry "NCA"]
[WhiteElo "1501"]
[WhiteRD "80"]
[BlackElo "1633"]
[BlackRD "110"]
[GameID "170161"]

1. e4 c5 2. Nf3 d6 3. d4 cxd4 4. Nxd4 Nf6 5. Nc3 a6 6. Be3 e6 7. g4 b5 8. g5 Nfd7 9. a3 Bb7 10. Bg2 Qc7
11. Nf3 Nc6 12. Qd3 Rc8 13. O-O-O Be7 14. h4 O-O 15. h5 Nde5 16. Nxe5 Nxe5 17. Qe2 Qc4 18. Bh3 Qxe2 19. Nxe2 Bxe4 20. Nd4 Bxh1
21. Rxh1 Nc4 22. g6 Nxe3 23. fxe3 Bg5 24. gxf7+ Kh8 25. Bxe6 Bxe3+ 26. Kb1 Bxd4 27. Bxc8 Rxc8 28. Re1 Be5 29. b4 Rf8 30. Rf1 g6
31. h6 Bg7 32. hxg7+ Kxg7
0-1

[Event "july cup tourney 1200-1600"]
[Site "SchemingMind.com"]
[Date "2008.09.16"]
[Round "-"]
[White "Lee Shuck"]
[Black "Fred Fanelli"]
[Result "0-1"]
[WhiteCountry "ENG"]
[BlackCountry "USA"]
[WhiteElo "1533"]
[WhiteRD "76"]
[BlackElo "1477"]
[BlackRD "83"]
[GameID "170828"]

1. e4 c6 2. d4 d5 3. Nc3 dxe4 4. Nxe4 Nd7 5. Nf3 Ngf6 6. Nxf6+ Nxf6 7. Bd3 Bg4 8. c3 e6 9. h3 Bxf3 10. Qxf3 Bd6
11. Bf4 Bxf4 12. Qxf4 O-O 13. g4 Nd5 14. Qe4 Nf6 15. Qf3 Qd5 16. Qxd5 exd5 17. O-O-O Rfe8 18. Rhe1 h6 19. Rxe8+ Rxe8 20. Kd2 Nh7
21. Re1 Rxe1 22. Kxe1 Ng5 23. h4 Nf3+ 24. Kf1 Nxh4 25. Be2 Ng6 26. Bd3 Nf4 27. Bc2 g5 28. f3 Kg7 29. Kf2 f6 30. b4 b5
31. Ke3 h5 32. gxh5 Nxh5 33. a4 a6 34. axb5 axb5 35. Bb3 Kh6 36. Kd3 Kg6 37. c4 bxc4+ 38. Bxc4 dxc4+ 39. Kxc4 Ng7 40. Kc5 Ne6+
41. Kxc6 Nxd4+ 42. Kc5 Nxf3 43. b5 Ne5 44. b6 Nd7+ 45. Kc6 Nxb6
0-1

[Event "july cup tourney 1200-1600"]
[Site "SchemingMind.com"]
[Date "2008.09.16"]
[Round "-"]
[White "Fred Fanelli"]
[Black "Lee Shuck"]
[Result "1-0"]
[WhiteCountry "USA"]
[BlackCountry "ENG"]
[WhiteElo "1457"]
[WhiteRD "83"]
[BlackElo "1476"]
[BlackRD "77"]
[GameID "170837"]

1. c4 e6 2. Nc3 Nf6 3. Nf3 d5 4. e3 c5 5. d3 Nc6 6. d4 b6 7. cxd5 exd5 8. Bb5 Bd7 9. dxc5 Bxc5 10. O-O O-O
11. Bxc6 Bxc6 12. Nd4 Bxd4 13. Qxd4 Ne4 14. f3 Nxc3 15. Qxc3 Rc8 16. Qd2 Re8 17. Qd3 a5 18. Bd2 Qf6 19. Rae1 Qxb2 20. Qb3 Qxd2
21. Qxb6 Qxa2 22. Ra1 Qd2 23. Qd4 Qxd4 24. exd4 a4 25. Rfc1 Bb5 26. Rcb1 Rb8 27. Kf2 h5 28. Rb4 g5 29. h3 h4 30. Rb2 f5
31. Rb4 Re2+ 32. Kg1
1-0

[Event "july cup tourney 1200-1600"]
[Site "SchemingMind.com"]
[Date "2008.09.15"]
[Round "-"]
[White "MacBone"]
[Black "inpassant"]
[Result "1-0"]
[WhiteCountry "HKG"]
[BlackCountry "ESP"]
[WhiteElo "1491"]
[WhiteRD "107"]
[BlackElo "1643"]
[BlackRD "109"]
[GameID "170958"]

1. e4 e5 2. Nf3 Nf6 3. Nc3 Nc6 4. Bb5 Nd4 5. Nxd4 exd4 6. Ne2 Nxe4 7. O-O Bc5 8. d3 Nf6 9. c3 dxc3 10. bxc3 c6
11. Ba4 d5 12. Bg5 h6 13. Bxf6 Qxf6 14. Qd2 O-O 15. d4 Bd6 16. Ng3
1-0

[Event "july cup tourney 1200-1600"]
[Site "SchemingMind.com"]
[Date "2008.09.14"]
[Round "-"]
[White "inpassant"]
[Black "MacBone"]
[Result "0-1"]
[WhiteCountry "ESP"]
[BlackCountry "HKG"]
[WhiteElo "1643"]
[WhiteRD "109"]
[BlackElo "1491"]
[BlackRD "107"]
[GameID "170968"]

1. e4 e5 2. Nf3 Nc6 3. d4 d6 4. Bb5 Bg4 5. Nc3 a6 6. Bxc6+ bxc6 7. dxe5 Bxf3 8. Qxf3 dxe5 9. O-O Nf6 10. Qg3 Bd6
11. Qxg7 Ke7 12. Bg5 Ke6 13. f4 Qg8 14. Qxf6+ Kd7 15. fxe5 Bc5+ 16. Kh1 Qe8
0-1

[Event "july cup tourney 1200-1600"]
[Site "SchemingMind.com"]
[Date "2008.09.13"]
[Round "-"]
[White "Manfred Kraut"]
[Black "Stanley"]
[Result "0-1"]
[WhiteCountry "GER"]
[BlackCountry "POL"]
[WhiteElo "1424"]
[WhiteRD "75"]
[BlackElo "1740"]
[BlackRD "179"]
[GameID "171099"]

1. d4 d5 2. Nf3 Nf6 3. e3 e6 4. Bd3 Bd6 5. Nbd2 O-O 6. O-O c5 7. dxc5 Bxc5 8. c4 dxc4 9. Nxc4 b5 10. Ncd2 a6
11. a3 Qxd3 12. Nb3 Qxd1 13. Rxd1 Ba7 14. Bd2 Bb7 15. Nbd4 Nc6 16. Bb4 Nxb4 17. axb4 h6 18. h3 e5 19. Nf5 Bxf3 20. gxf3 Bb6
21. Rd6 Bc7 22. Rc6 Ra7 23. Rac1 Ne8 24. Kg2 f6 25. Ne7+ Kh7 26. h4 Rf7 27. Nf5 g6 28. Ng3 f5 29. h5 g5 30. R1c5 f4
31. Nf5 Rxf5 32. e4 Rf7 33. Re6 Ng7 34. Rec6 Nxh5 35. Kh3 Nf6 36. Kg2 Ne8 37. Kh3 Bd6 38. Rd5 Bxb4 39. Rxe5 Nf6 40. Rf5 Kg7
41. e5 Ne8 42. Rxf7+ Rxf7 43. Rxa6 Bc5 44. Kg2 Re7 45. e6 Nc7 46. Ra7 Nxe6 47. Ra5 b4
0-1

[Event "july cup tourney 1200-1600"]
[Site "SchemingMind.com"]
[Date "2008.09.18"]
[Round "-"]
[White "CowboyNoel"]
[Black "MerkoTheMaster"]
[Result "0-1"]
[WhiteCountry "USA"]
[BlackCountry "SLO"]
[WhiteElo "1260"]
[WhiteRD "78"]
[BlackElo "1580"]
[BlackRD "158"]
[GameID "171100"]

1. e3 e5 2. b3 Bc5 3. Nf3 d6 4. Bb2 Nc6 5. Bb5 Bd7 6. Nc3 Nf6 7. d4 Bb6 8. a3 a6 9. Bd3 h6 10. Ne4 Bf5
11. Ng3 Bxd3 12. Qxd3 exd4 13. Nxd4 Bxd4 14. exd4 Qe7+ 15. Ne2 O-O 16. O-O-O Ne4 17. Qe3 Rfe8 18. d5 Na5 19. Qd4 f6 20. g4 c6
21. b4 Nc4 22. Qxc4 Nxf2 23. dxc6+ Kh8 24. cxb7 Qxb7 25. Rxd6 Qxh1+ 26. Kd2 Ne4+ 27. Kd3 Nxd6 28. Qc7 Qe4+ 29. Kd2 Qxe2+ 30. Kc3 Nb5+
31. Kb3 Nxc7
0-1

[Event "july cup tourney 1200-1600"]
[Site "SchemingMind.com"]
[Date "2008.09.14"]
[Round "-"]
[White "Stanley"]
[Black "Manfred Kraut"]
[Result "1-0"]
[WhiteCountry "POL"]
[BlackCountry "GER"]
[WhiteElo "1740"]
[WhiteRD "179"]
[BlackElo "1424"]
[BlackRD "75"]
[GameID "171107"]

1. e4 e5 2. Nf3 Nc6 3. d4 exd4 4. Nxd4 Bc5 5. Nxc6 Qf6 6. f3 Qxc6 7. Nc3 Ne7 8. Bb5 Qg6 9. Qd2 c6 10. Bd3 O-O
11. a3 d5 12. exd5 Qd6 13. dxc6 Qxc6 14. b4 Bb6 15. Bb2 Re8 16. Ne2 Bf5 17. Nd4 Bxd4 18. Bxd4 Bxd3 19. Qxd3 Nf5+ 20. Kf2 Rad8
21. c3 Re3 22. Qxf5 h6 23. Kxe3 Re8+ 24. Kf2 g6 25. Qf4 Qc4 26. Rhe1
1-0

[Event "july cup tourney 1200-1600"]
[Site "SchemingMind.com"]
[Date "2008.09.18"]
[Round "-"]
[White "MerkoTheMaster"]
[Black "CowboyNoel"]
[Result "1-0"]
[WhiteCountry "SLO"]
[BlackCountry "USA"]
[WhiteElo "1580"]
[WhiteRD "158"]
[BlackElo "1260"]
[BlackRD "78"]
[GameID "171108"]

1. e4 e6 2. Nc3 b6 3. Bc4 Bb7 4. d3 Nc6 5. Nh3 Nf6 6. Bf4 h5 7. Nb5 Ng4 8. Nxc7+ Ke7 9. Ba6 Bxa6 10. Nxa8 Qxa8
11. f3 Nge5 12. a3 f6 13. Bxe5 Nxe5 14. Nf4 Kf7 15. Qd2 g5 16. Nh3 Bh6 17. f4 gxf4 18. Nxf4 f5 19. exf5 exf5 20. O-O-O Rc8
21. Kb1 Rc5 22. Qe2 Bxf4 23. Qxh5+ Ng6 24. Qh7+ Kf6 25. Qxd7 Qxg2 26. Qd4+ Be5 27. Qd8+ Ne7 28. Qf8+ Ke6 29. Qh6+ Kd5 30. Qd2 Qxd2
31. Rxd2 f4 32. Rhd1 Rc6 33. d4 Bf6 34. Re1 Bc8 35. b3 Bf5 36. Kb2 a5 37. c4+ Kd6 38. Kc3 b5 39. c5+
1-0

[Event "july cup tourney 1200-1600"]
[Site "SchemingMind.com"]
[Date "2008.10.08"]
[Round "-"]
[White "Bury"]
[Black "fervac"]
[Result "0-1"]
[WhiteCountry "POL"]
[BlackCountry "NCA"]
[WhiteElo "1496"]
[WhiteRD "77"]
[BlackElo "1697"]
[BlackRD "102"]
[GameID "174221"]

1. e4 c5 2. Bc4 d6 3. Nf3 Nf6 4. Nc3 g6 5. d4 cxd4 6. Qxd4 Nc6 7. Qd3 Bg7 8. Ng5 O-O 9. O-O Ne5 10. Qd2 Nxc4
11. Qd3 Ne5 12. Qe2 Bd7 13. Bf4 h6 14. Nf3 Nxf3+ 15. Qxf3 Qb6 16. b3 Rfc8 17. Rac1 Bg4 18. Qd3 Rxc3 19. Qxc3 Nxe4 20. Qe3 Nc3
21. Qxb6 axb6 22. Rfe1 Ne2+ 23. Rxe2 Bxe2 24. Re1 Rxa2 25. h3 Ra1 26. Rxa1 Bxa1 27. Bxh6 Bd4 28. Bd2 b5 29. c3 Bc5 30. Kh2 Bxf2
31. Bf4 e5 32. Bg5 e4 33. g3 b4 34. cxb4 Bf3 35. Bd2 e3 36. Bxe3 Bxe3 37. g4 Bf2 38. g5 d5
0-1

[Event "july cup tourney 1200-1600"]
[Site "SchemingMind.com"]
[Date "2008.10.08"]
[Round "-"]
[White "fervac"]
[Black "Bury"]
[Result "1-0"]
[WhiteCountry "NCA"]
[BlackCountry "POL"]
[WhiteElo "1697"]
[WhiteRD "102"]
[BlackElo "1496"]
[BlackRD "77"]
[GameID "174234"]

1. d4 d5 2. c4 dxc4 3. e3 Nf6 4. Bxc4 Nc6 5. Nf3 e6 6. O-O Bd6 7. Nc3 O-O 8. e4 Be7 9. Re1 a6 10. a4 b5
11. axb5 Nb4 12. Be3 a5 13. Ne5 Bb7 14. Nc6 Bxc6 15. bxc6 Nxc6 16. d5 exd5 17. exd5 Ne5 18. Bb5 Bb4 19. Bg5 Ng6 20. Bc6 Bxc3
21. bxc3 Qd6 22. Qd4 Ne7 23. Bxf6 Qxf6 24. Qxf6 gxf6 25. Rxe7 Kh8 26. Bxa8 h6 27. Rxa5 Kg7 28. h4 h5 29. Rxc7 Re8 30. d6 Rd8
31. Rd5 Kf8 32. Bc6
1-0

[Event "july cup tourney 1200-1600"]
[Site "SchemingMind.com"]
[Date "2008.12.28"]
[Round "-"]
[White "MacBone"]
[Black "Stanley"]
[Result "0-1"]
[WhiteCountry "HKG"]
[BlackCountry "POL"]
[WhiteElo "1450"]
[WhiteRD "102"]
[BlackElo "1804"]
[BlackRD "166"]
[GameID "184790"]

1. e4 e5 2. Nf3 Nc6 3. Bb5 d6 4. O-O Bd7 5. Re1 Nf6 6. Bxc6 Bxc6 7. Nc3 Be7 8. d4 exd4 9. Nxd4 O-O 10. Bf4 h6
11. Nxc6 bxc6 12. Qe2 Re8 13. Rad1 Nd7 14. b4 Bg5 15. Bxg5 Qxg5 16. Qe3 Qg4 17. Rd4 d5 18. h3 Qg6 19. Qd2 Ne5 20. Qe2 a6
21. Na4 a5 22. Nc5 axb4 23. Rxb4 Rxa2 24. Reb1 Rea8 25. Rb8+ Kh7 26. Rxa8 Rxa8 27. Qe3 Re8 28. Rb7 d4 29. Qf4 Re7 30. Rb8 f6
31. Qd2 Nf3+
0-1

[Event "july cup tourney 1200-1600"]
[Site "SchemingMind.com"]
[Date "2008.12.28"]
[Round "-"]
[White "Stanley"]
[Black "MacBone"]
[Result "1-0"]
[WhiteCountry "POL"]
[BlackCountry "HKG"]
[WhiteElo "1804"]
[WhiteRD "166"]
[BlackElo "1450"]
[BlackRD "102"]
[GameID "184801"]

1. e4 e5 2. Nf3 Nc6 3. d4 d6 4. d5 Nce7 5. c4 Nf6 6. Nbd2 Bg4 7. h3 Bh5 8. Be2 c6 9. O-O cxd5 10. cxd5 g6
11. Bb5+ Nd7 12. Qa4 Bg7 13. Bxd7+ Qxd7 14. Qxd7+ Kxd7 15. a4 a5 16. b3 Rac8 17. g4 Bxg4 18. hxg4 h5 19. Ng5 Ke8 20. f3 hxg4
21. fxg4 f6 22. Ne6 Bh6 23. Rxf6 Rc2 24. g5 Bf8 25. Nxf8 Rxf8 26. Rxf8+ Kxf8 27. Nc4 Re2 28. Nxd6 b6 29. Ba3 Re3 30. Nc8
1-0

[Event "july cup tourney 1200-1600"]
[Site "SchemingMind.com"]
[Date "2009.01.06"]
[Round "-"]
[White "Fred Fanelli"]
[Black "Zugzwang"]
[Result "0-1"]
[WhiteCountry "USA"]
[BlackCountry "CAN"]
[WhiteElo "1447"]
[WhiteRD "79"]
[BlackElo "1437"]
[BlackRD "56"]
[GameID "186631"]

1. c4 c5 2. Nc3 Nc6 3. Nf3 e5 4. e3 f5 5. e4 f4 6. Be2 d6 7. O-O Nf6 8. d3 Be7 9. Nd5 O-O 10. b3 Nxd5
11. cxd5 Nb4 12. a3 Na6 13. Bd2 g5 14. h3 h5 15. Nh2 Qe8 16. Bxh5 Qd8 17. Nf3 Nc7 18. Nh2 Ne8 19. Bg4 Nf6 20. Be6+ Kg7
21. Ng4 b6 22. b4 Ba6 23. Nxf6 Rxf6 24. Bf5 Rh6 25. Qg4 Kf6 26. Qf3 Qh8 27. Rfd1 Rg8 28. Bc3 Rh4 29. Bg4 Bc8 30. Rdc1 Bxg4
0-1

[Event "july cup tourney 1200-1600"]
[Site "SchemingMind.com"]
[Date "2009.01.06"]
[Round "-"]
[White "Zugzwang"]
[Black "Fred Fanelli"]
[Result "0-1"]
[WhiteCountry "CAN"]
[BlackCountry "USA"]
[WhiteElo "1437"]
[WhiteRD "56"]
[BlackElo "1447"]
[BlackRD "79"]
[GameID "186636"]

1. d4 d5 2. Nf3 Nf6 3. e3 e6 4. Bd3 c5 5. c3 c4 6. Bc2 Nc6 7. O-O Bd6 8. Nbd2 O-O 9. e4 dxe4 10. Nxe4 Be7
11. Qe2 b5 12. Nxf6+ Bxf6 13. Re1 Re8 14. Qe4 Bb7 15. Qxh7+ Kf8 16. Bf5 Ne7 17. Qh8+ Ng8 18. Bh7 Bxf3 19. gxf3 Ke7 20. Bxg8 Rxg8
21. Qh5 Rh8 22. Qc5+ Qd6 23. Qxb5 Rac8 24. Bd2 Rxh2 25. d5 Rh5 26. Re4 Rxd5 27. Qb7+ Rc7 28. Qb4 Qxb4 29. cxb4 Rxd2 30. Rae1 Rxb2
31. a3 c3 32. f4 c2 33. Rc1 Rb1
0-1

[Event "july cup tourney 1200-1600"]
[Site "SchemingMind.com"]
[Date "2009.02.05"]
[Round "-"]
[White "maro"]
[Black "MerkoTheMaster"]
[Result "1-0"]
[WhiteCountry "MEX"]
[BlackCountry "SLO"]
[WhiteElo "1353"]
[WhiteRD "49"]
[BlackElo "1505"]
[BlackRD "150"]
[GameID "189794"]

1. e4 e5 2. Nc3 Bc5 3. Nf3 d6 4. Bc4 h6 5. O-O Nf6 6. Re1 a6 7. d3 Ng4 8. d4 exd4 9. Nxd4 Nc6 10. Nf5 O-O
11. Qxg4 Bxf5 12. exf5 Qf6 13. Nd5 Bxf2+ 14. Kxf2 Qd4+ 15. Qxd4 Nxd4 16. Nxc7 Rac8 17. Be3 Nxc2 18. Rad1 Nxe1 19. Kxe1 Rxc7 20. Bd5 Re8
21. Kf2 Rc2+ 22. Kf3 Rxb2 23. Rd2
1-0

[Event "july cup tourney 1200-1600"]
[Site "SchemingMind.com"]
[Date "2009.02.05"]
[Round "-"]
[White "MerkoTheMaster"]
[Black "maro"]
[Result "1-0"]
[WhiteCountry "SLO"]
[BlackCountry "MEX"]
[WhiteElo "1605"]
[WhiteRD "155"]
[BlackElo "1340"]
[BlackRD "48"]
[GameID "189796"]

1. e4 d6 2. Bc4 e6 3. d3 d5 4. exd5 exd5 5. Bb3 Bc5 6. Nf3 Be6 7. Qe2 Nc6 8. Nc3 Nge7 9. a3 Ng6 10. Bxd5 Nd4
11. Nxd4 Bxd4 12. Bxe6 O-O 13. Nb5 fxe6 14. Nxd4 Qxd4 15. Qxe6+ Kh8 16. O-O Rae8 17. Qh3 Nf4 18. Bxf4 Rxf4 19. Rae1 Rh4 20. Rxe8#
1-0

[Event "july cup tourney 1200-1600"]
[Site "SchemingMind.com"]
[Date "2009.02.10"]
[Round "-"]
[White "Fred Fanelli"]
[Black "fervac"]
[Result "0-1"]
[WhiteCountry "USA"]
[BlackCountry "NCA"]
[WhiteElo "1447"]
[WhiteRD "79"]
[BlackElo "1918"]
[BlackRD "75"]
[GameID "190748"]

1. c4 Nf6 2. Nc3 g6 3. Nf3 Bg7 4. d4 O-O 5. Bf4 d5 6. e3 c6 7. Be2 Re8 8. O-O Nbd7 9. c5 Nh5 10. Bg5 Bf6
11. e4 dxe4 12. Nxe4 Bxg5 13. Nfxg5 Nf4 14. Re1 h6 15. Nf3 Nxe2+ 16. Rxe2 Nf6 17. Nxf6+ exf6 18. Rxe8+ Qxe8 19. h3 Be6 20. a3 Bd5
21. Qe1 Bxf3 22. Qxe8+ Rxe8 23. gxf3 Re2 24. Rb1 Rd2 25. b4 Rxd4 26. Rb3 Kf8 27. Kf1 a6 28. Ke2 Ke7 29. Re3+ Kd7 30. Rd3 Rxd3
31. Kxd3 Ke6 32. Ke4 f5+ 33. Kd4 g5 34. Ke3 f4+ 35. Ke4 f6 36. a4 f5+ 37. Kd4 h5 38. Kc4 g4 39. hxg4 h4
0-1

[Event "july cup tourney 1200-1600"]
[Site "SchemingMind.com"]
[Date "2009.02.10"]
[Round "-"]
[White "fervac"]
[Black "Fred Fanelli"]
[Result "1-0"]
[WhiteCountry "NCA"]
[BlackCountry "USA"]
[WhiteElo "1918"]
[WhiteRD "75"]
[BlackElo "1447"]
[BlackRD "79"]
[GameID "190752"]

1. d4 d5 2. c4 dxc4 3. e3 e6 4. Bxc4 c5 5. Nf3 Nf6 6. O-O Be7 7. dxc5 Bxc5 8. Qxd8+ Kxd8 9. Rd1+ Ke7 10. b3 Nc6
11. Ba3 Bxa3 12. Nxa3 Re8 13. Nb5 Rd8 14. Rxd8 Kxd8 15. Rd1+ Bd7 16. Nd6 Ke7 17. Nxb7 Rb8 18. Nd6 Rd8 19. Nb7 Rb8 20. Nc5 Rd8
21. Bb5 Nd5 22. Nxd7 Rxd7 23. Bxc6 Rc7 24. Bxd5 exd5 25. h3 Ke6 26. Nd4+ Kd6 27. Nb5+
1-0

[Event "july cup tourney 1200-1600"]
[Site "SchemingMind.com"]
[Date "2009.04.08"]
[Round "-"]
[White "Stanley"]
[Black "maro"]
[Result "1-0"]
[WhiteCountry "POL"]
[BlackCountry "MEX"]
[WhiteElo "1742"]
[WhiteRD "151"]
[BlackElo "1353"]
[BlackRD "49"]
[GameID "199386"]

1. e4 e5 2. Nf3 Nc6 3. d4 exd4 4. Nxd4 Qf6 5. c3 Bc5 6. Be3 Nge7 7. Be2 O-O 8. O-O Ne5 9. Nd2 a6 10. N2f3 Ng4
11. Bg5 Qd6 12. h3 h6 13. Bxe7 Qxe7 14. hxg4 d6 15. b4 Bxd4 16. Nxd4 Qxe4 17. Bf3 Qf4 18. Re1 Bd7 19. Qd3 f5 20. Bd5+ Kh7
21. g3 Qxg4 22. Be6 Rad8 23. Bxd7 Rxd7 24. Nf3 g6 25. Nh2 Qg5 26. Re6 h5 27. Rae1 Rff7 28. Qd4 f4 29. Re8 Rf6 30. R1e7+ Rxe7
31. Rxe7+ Kh6 32. Re6 Rf8 33. Nf3 Qf5 34. Re7 fxg3 35. Qe3+ g5 36. Re6+ Rf6 37. Rxf6+ Qxf6 38. fxg3 Kh7 39. Nxg5+ Kg6 40. Ne4 Qf5
41. c4 h4 42. gxh4 Qg4+ 43. Qg3 Kh5 44. Nf6+
1-0

[Event "july cup tourney 1200-1600"]
[Site "SchemingMind.com"]
[Date "2009.04.08"]
[Round "-"]
[White "maro"]
[Black "Stanley"]
[Result "0-1"]
[WhiteCountry "MEX"]
[BlackCountry "POL"]
[WhiteElo "1353"]
[WhiteRD "49"]
[BlackElo "1742"]
[BlackRD "151"]
[GameID "199390"]

1. e4 e5 2. Nc3 Nf6 3. Bc4 Bb4 4. Nge2 a6 5. a3 Bc5 6. O-O b5 7. Bd5 c6 8. Bxf7+ Kxf7 9. d4 exd4 10. Nxd4 Re8
11. Bg5 h6 12. Qh5+ Nxh5 13. Bxd8 Rxd8 14. f3 Bxd4+ 15. Kh1 Bxc3
0-1

[Event "july cup tourney 1200-1600"]
[Site "SchemingMind.com"]
[Date "2009.04.28"]
[Round "-"]
[White "Stanley"]
[Black "fervac"]
[Result "0-1"]
[WhiteCountry "POL"]
[BlackCountry "NCA"]
[WhiteElo "1694"]
[WhiteRD "143"]
[BlackElo "1987"]
[BlackRD "82"]
[GameID "202167"]

1. e4 c5 2. Nf3 d6 3. d4 cxd4 4. Nxd4 Nf6 5. Bd3 g6 6. O-O Bg7 7. c3 O-O 8. h3 Nc6 9. b4 Bd7 10. a4 Rc8
11. Bb2 Ne5 12. Nf3 Nxd3 13. Qxd3 Be6 14. Nbd2 Qc7 15. a5 Nd7 16. Rab1 Rfd8 17. Rfc1 Ne5 18. Nxe5 dxe5 19. Qe2 Bh6 20. Rd1 Rd7
21. Nf3 Rcd8 22. Ba1 Bc4 23. Qe1 f6 24. Nh4 Ba2 25. Rxd7 Qxd7 26. Rb2 Qd1 27. Re2 Bc4 28. Kh2 Bxe2 29. Qxd1 Rxd1 30. Bb2 Rb1
31. Ba3 Rb3 32. a6 bxa6 33. b5 Rxa3 34. bxa6 Rxc3 35. f3 Bg5 36. g3 Rc2 37. Kg2 Be3 38. g4 Bd3+ 39. Kh1 Bf2 40. Ng2 Bf1
41. f4 Bg3 42. Ne3 Rh2+ 43. Kg1 Bxh3 44. Nd5 Ra2 45. fxe5 Ra1#
0-1

[Event "july cup tourney 1200-1600"]
[Site "SchemingMind.com"]
[Date "2009.04.27"]
[Round "-"]
[White "fervac"]
[Black "Stanley"]
[Result "1-0"]
[WhiteCountry "NCA"]
[BlackCountry "POL"]
[WhiteElo "1987"]
[WhiteRD "82"]
[BlackElo "1694"]
[BlackRD "143"]
[GameID "202173"]

1. d4 d5 2. c4 dxc4 3. e3 e6 4. Bxc4 Nf6 5. Nf3 Bb4+ 6. Bd2 Bxd2+ 7. Nbxd2 O-O 8. O-O a6 9. a4 b6 10. Qc2 Nc6
11. Bxe6 Nb4 12. Qb3 Bxe6 13. Qxb4 a5 14. Qa3 h6 15. Ne5 c5 16. Ndf3 cxd4 17. Nxd4 Bd5 18. Rfd1 Qc8 19. Rac1 Qb7 20. Nec6 Rfe8
21. Qd6 Bxc6 22. Qxc6 Qxc6 23. Rxc6 Rab8 24. Rdc1 Nd7 25. b3 Nc5 26. h3 Rec8 27. Rxc8+ Rxc8 28. Nf5 Rd8 29. Nd4 g5 30. Rc3 Kg7
31. f3 Kg6 32. g4 h5 33. Kg2 h4 34. Kf2 Re8 35. e4 Kf6 36. Ke3 Ke5 37. Rc4 f6 38. b4 axb4 39. Rxb4 Nd7 40. Rb5+ Kd6
41. Rd5+ Kc7 42. Nb5+ Kc6 43. Rd6+ Kc5 44. Rxd7 Kb4 45. Rd4+ Ka5 46. Nd6 Rb8 47. Rc4 Ka6 48. Kd4 Rd8 49. Kd5 Ka7 50. Rc8 Rd7
51. Kc6 Rh7 52. Nb5+ Ka6 53. Ra8+
1-0